| 000 | 012729d19a2200373 4500 | ||
|---|---|---|---|
| 003 | CHAP | ||
| 005 | 20220329141919.0 | ||
| 008 | 980529d1993 mx r 00110 spa d | ||
| 010 | _a75655 | ||
| 011 | _a76627 | ||
| 035 | _a86213 | ||
| 040 | _cCHAP | ||
| 090 | _aFolleto 15077 | ||
| 100 | 0 | 0 |
_aQuintero Marín, Manuel. _993424 |
| 245 | 1 | 0 |
_aEstablecimiento y manejo de cercos vivos _c/por Manuel Quintero Marín y Gonzalo García Hernández |
| 260 |
_aMérida, Yuc. : _bINIFAP. Campo Experimental Chiná, _c1993. |
||
| 300 | _a15 p. | ||
| 410 | 2 | 1 |
_aINIFAP. _bCampo Experimental Chiná |
| 490 | 0 | _aFolleto técnico | |
| 590 |
_aBATCH-UPD _b10 _c20130110 _lUCH01 _h0732 |
||
| 590 |
_aBATCH-UPD _b10 _c20130410 _lUCH01 _h0415 |
||
| 590 |
_aBATCH-UPD _b10 _c20130914 _lUCH01 _h0911 |
||
| 590 |
_aCONVERSION _b10 _c20130109 _lUCH01 _h1341 |
||
| 650 | 1 | 4 |
_aCercos vivos. _921351 |
| 700 | 0 |
_aGarcía Hernández, Gonzalo. _946121 |
|
| 700 | 0 |
_aGarcía Hernández, Gonzalo. _946121 |
|
| 810 | 2 | 1 |
_aINIFAP. _bCampo Experimental Chiná _958616 |
| 830 | 0 |
_aFolleto técnico _942067 |
|
| 901 | _aMU | ||
| 905 | _aLilia Sánchez G. | ||
| 942 | _cFOLL | ||
| 949 |
_aFolleto 15077 _bBC _cFOLL _d862131 _eTS1 _i86213 _si |
||
| 949 |
_aFolleto 15077 _bBC _cFOLL _d862132 _eTS2 _fc.2 _i86213 _si |
||
| 999 |
_c75655 _d75655 |
||